000 00300nam a22001337a 4500
008 171027b xxu||||| |||| 00| 0 eng d
020 _a0444013105
041 _aeng
080 _a336
100 _a56
101 _aFIN
245 _aFOUNDATIONS FOR FINANCIAL ECONOMICS
_cHUANG,CH
942 _2udc
_cBK
999 _c36133
_d36133